000 01599nam0a2200361 4500
001 RU\NLR\BIBL_A\012639950
005 20211213143947.0
010 _a978-5-08-006277-3
_93000
021 _aRU
_bКН-П-21-043214
_9КН-П-21-3411
035 _a(NLR Aleph) 012639950
090 _a12692523
_c12692523
100 _a20211110d2021 e y0rusy50 ca
101 1 _arus
_afre
102 _aRU
105 _aa z 000ay
181 0 _ai3
_baxxe
182 0 _an
200 1 _aКармен
_dCarmen
_eновеллы
_eна русском и французском языках
_e[для старшего школьного возраста]
_fПроспер Мериме
_gперевод с французского О. Лавровой [и др.]
_gиллюстрации Михаила Петрова
_zfre
203 _aТекст
_bвизуальный
_cнепосредственный
210 _aМосква
_cДетская литература
_d2021
215 _a269, [3] с.
_cил.
_d21
225 1 _aСерия "Билингва"
333 _a12+
510 1 _6z20790
_aCarmen
_zfre
686 0 _aШ9(4Фр)62-4
700 1 _7ca
_8rus
_aМериме
_bП.
_f1803-1870
_gПроспер
_910489
_3RU\NLR\AUTH\7727457
702 1 _4440
_7ca
_8rus
_aПетров
_bМ. Ф.
_cхудожник
_f1938-2008
_gМихаил Федорович
_936780
_3RU\NLR\AUTH\7753848
790 1 _6z20510
_7ba
_8fre
_aMérimée
_bP.
_f1803-1870
_gProsper
_995942
_3RU\NLR\AUTH\77113017
942 _cBOOK
980 _aNB